| 000 | 04536cam a22006854i 4500 | ||
|---|---|---|---|
| 003 | PE-LiUPU | ||
| 005 | 20250731173036.0 | ||
| 008 | 961205s1997 mnu rb 001 0 eng | ||
| 020 | _a0800627784 | ||
| 020 | _a9780800627782 | ||
| 035 | _a(Sirsi) i9780800627782 | ||
| 035 | _a(OCoLC)36074466 | ||
| 040 |
_aDLC _bspa _cDLC _dBAKER _dNLGGC _dYDXCP _dBTCTA _dMUQ _dOCLCG _dDEBBG _dBDX _dEUM _dOCLCO _dOCLCA _dOCLCQ _dOCLCA _dOCLCF _dMXL _dOCLCQ _dNZABT _dPE-LiUPU _erda |
||
| 049 | _aPRUA | ||
| 050 | 0 | 0 |
_aBS2615.6.S25 _bF67 1997 |
| 082 | 0 | 0 |
_a226.506 _bF75 _221 |
| 100 | 1 |
_aFord, J. Massyngberde, _q(Josephine Massyngberde), _eautor. |
|
| 245 | 1 | 0 |
_aRedeemer - Friend and Mother : _bsalvation in antiquity and in the Gospel of John / _cJ. Massyngbaerde Ford. |
| 264 | 1 |
_aMinneapolis : _bFortress Press, _c1997. |
|
| 300 |
_ax, 336 páginas ; _c23 centímetros |
||
| 336 |
_atext _2rdacontent |
||
| 337 |
_aunmediated _2rdamedia |
||
| 338 |
_avolume _2rdacarrie |
||
| 504 | _aBibliografía: páginas 279-304. | ||
| 504 | _aÍndice : páginas 305-336. | ||
| 505 | 0 | _aPart 1. God as friend and mother -- Models of redemption: The concept of God ; Definitions of salvation/redemption ; The doctrine of redemption ; Models of soteriology -- The pathos of God the father: God's pathos ; The pathos of God in Christian thought -- The pathos of God the mother: The image of mother ; The Hebrew scriptures ' Female redeemer ; God's pathos toward the infant child ; Wisdom literature ; Female mother/savior figures in the Greco-Roman world ; Early Christian writers -- Why crucifixion?: The shame of the cross ; Impalement and crucifixion in Jewish practice ; The crucifixion of women in antiquity ; Greco-Roman literature ; Mythical references -- The pathos friendship: Characteristics of friendship ; Definition of friendship ; Friendship in the Greco-Roman world ; Friendship in the Symposium ; Aristotle ; Epicurus ; Stoic friendship ; Friendship in the roman world ; Friendship in the Jewish world and Christian antiquity -- The pathos of wise men and women: Philosophical background ; Cynic and stoic tenets ; Plato's just one impaled ; Note on the female sage ; Women philosophers. | |
| 505 | 0 | _aPart 2. Friendship and motherhood in the gospel of John -- Friendship in the gospel: Friendship in the gospels ; The prologue ; Jesus and the disciples ; Feminine texts in the book of signs ; Wisdom's feast (John 6) ; The milk of salvation in non-Christian sources ; Lactation and Roman charity -- The footwashing: Forwarding and hospitality ; False and true guest friends -- The farewell discourses: Modern Trinitarian theology and the farewell discourses ; The vine ; The birth image (John 16:16-24) -- Sovereignty, friendship, and motherhood Christ's pathos according to John: Going to calamity's depths for a friend ; Regal glory as pathos ; Jesus as friendly sovereign ; The doulos basileus of the cynics ; Feminine texts in the passion ; The sword thrust and the effusion of blood and water ; The Johannine Pentecost. | |
| 526 | _aSEG42 | ||
| 526 | _aSEG41 | ||
| 526 | _aSEG40 | ||
| 526 | _aSEG39 | ||
| 526 | _aP94 | ||
| 526 | _aP87 | ||
| 526 | _aP86 | ||
| 526 | _aP85 | ||
| 526 | _aP77 | ||
| 526 | _aP76 | ||
| 526 | _aP35 | ||
| 600 | 0 | 4 |
_aJesucristo _xCrucifixi©đn _xEnse©łanza B©Ưblica. |
| 600 | 0 | 4 |
_aJesus Christ _xCrucifixion _xBiblical teaching. |
| 630 | 0 | 0 |
_aBible. _pJohn _xTheology. |
| 630 | 0 | 0 |
_aBiblia. _pJuan _xTeología. |
| 630 | 0 | 4 |
_aBible. _pNew Testament. _kJohn _xCriticism, interpretation, etc. |
| 630 | 0 | 4 |
_aBiblia. _pNuevo testamento. _kJuan _xCritica, interpretación, etc. |
| 650 | 0 |
_aAmistad _xEnseñanza Bíblica. |
|
| 650 | 0 |
_aDios _xMaternidad _xEnseñanza bíblica. |
|
| 650 | 0 |
_aFriendship _xBiblical teaching. |
|
| 650 | 0 |
_aGod _xMotherhood _xBiblical teaching. |
|
| 650 | 0 |
_aSalvación _vEstudios comparativos. |
|
| 650 | 0 |
_aSalvación _xEnseñanza bíblica. |
|
| 650 | 0 |
_aSalvation _vComparative studies. |
|
| 650 | 0 |
_aSalvation _xBiblical teaching. |
|
| 910 |
_adbm _bebj _cebj _d20171211 |
||
| 942 |
_2ddc _cBOOK |
||
| 949 |
_a226.506 F75 _wDEWEY _c1 _i77236 _lCATALOGING _mBUL _p09.95 _r0 _sY _tBOOK _u2017-12-11 _xPOSGRADO _PP85 _0DONACION _o.STAFF. Colección Teología. |
||
| 994 |
_aC0 _bPEPRU |
||
| 596 | _a1 | ||
| 999 |
_a226.506 F75 _wDEWEY _c26079 _i77236 _f2021-11-9 _g4 _lCCODEBUL1 _mBUL _p9.95 _r0 _sY _tBOOK _u2017-12-11 _xTEOLOGIA _PP85 _0COMPRA _o.STAFF. Coleccio¿¿n Teolog©Ưa. _d26079 |
||
| 980 |
_81 _gALBERTO SANCHEZ Responsable de Automatización |
||